000 00423cam a2200193 4500
001 D13688
008 090401t1963 xxu||||| |||| 00| 0 eng d
035 _a(Sirsi) u11144
041 _aeng
100 _aRayner, W.H.
245 _aElementary surveying
250 _a4th
260 _bD Van Nostrand Co
_c1963
350 _a0
520 _ashelf 133
700 _aSchmidt, M.O.
942 _n0
948 _c04/03/1997
999 _c86815
_d86815